000 01058cab a22002055a 4500
001 L151068
008 100928e2010 xxk 000 0 eng d
035 _a(Sirsi) u151068
041 0 _aeng
110 2 _aUnited Kingdom
_bDepartment for Transport
_94866
245 0 0 _aPlans for a new Local Sustainable Transport Fund have been announced today by Local Transport minister Norman Baker
_h[electronic resource]
260 _aLondon
_bDFT
_c2010
490 _aDfT News Release
_v22 September 2010
520 _aLocal Sustainable Transport Fund will challenge local transport authorities outside London to develop measures to support economic growth and reduce carbon in their communities. This may include encouraging walking and cycling and improved traffic management schemes.
590 _aKA
651 4 _aEngland and Wales
_y1543-
690 _aPROPERTY-INFRASTRUCTURE-TRANSPORT INFRASTRUCTURE
856 4 0 _uhttps://nds.coi.gov.uk/content/Detail.aspx?ReleaseID=415581&NewsAreaID=2
_zView the report free of charge at http://nds.coi.gov.uk/
942 _n0
999 _c82707
_d82707